000 00926cad a22002055a 4500
001 L152490
008 110318s2011 xxk 000 0 eng d
035 _a(Sirsi) u152490
041 0 _aeng
110 2 _aGas Safe Register
_95927
245 0 0 _aBoiler flues in chimney spaces
_h[electronic resource]
260 _c2011
520 _aOffers advice on fitting inspection hatches required to facilitate the inspection of boilers flues which becomes mandatory from 31 December 2012. Gas Safe Register engineers will be required to put boilers at risk if inspection hatches are unavailable when inspected.
590 _aKA
651 4 _aUnited Kingdom
_y
690 _aPROPERTY-RESIDENTIAL PROPERTY-RESIDENTIAL PROPERTY MANAGEMENT
690 _aMANAGEMENT-HEALTH AND SAFETY
856 4 0 _uhttps://www.gassaferegister.co.uk/advice/flues_in_voids.aspx
_zView this item free of charge at www.gassaferegister.co.uk
942 _n0
999 _c82984
_d82984